| 000 | 00566cam a22002051 4500 | ||
|---|---|---|---|
| 001 | af 48000737 | ||
| 003 | DLC | ||
| 005 | 20260227110845.0 | ||
| 008 | 900711s1944 be 000 0 dut c | ||
| 010 | _aaf 48000737 | ||
| 035 | _a(OCoLC)21991976 | ||
| 040 |
_aChicago. Univ. Libr. _cCU _dDLC |
||
| 042 | _apremarc | ||
| 050 | 0 | 0 |
_aPT6408.5.C27 _bL38 |
| 100 | 1 |
_aCantens, Lode, _d1911- |
|
| 245 | 1 | 0 | _aLente in Vlaanderen. |
| 260 |
_aAntwerpen, _bJanssens' Tooneelbibliotheek _c[1944] |
||
| 300 |
_a87 p. _c20 cm. |
||
| 490 | 0 |
_aJanssens' Tooneelbibliotheek, _vnr. 745 |
|
| 999 |
_c4191 _d4191 |
||